|
|
|
|
| LEADER |
00625nab a2200157 i 4500 |
| 001 |
misc47174 |
| 005 |
20250327143624.0 |
| 008 |
210223s1937 hu o 000 eng d |
| 040 |
|
|
|a SZTE Miscellanea Repozitórium
|b hun
|
| 041 |
|
|
|a eng
|
| 245 |
0 |
4 |
|a The Nobel Prize for Medicine
|h [elektronikus dokumentum]
|
| 260 |
|
|
|c 1937
|
| 300 |
|
|
|a Szent-Györgyi Albert Nobel-díja az 1937/38-as sajtóhíradások tükrében : újságkivágat-album, f. 25v.
|
| 561 |
|
|
|a Szent-Györgyi Albert újságkivágat-album
|
| 695 |
|
|
|a Szent-Györgyi Albert, Nobel-díj - 1937
|
| 856 |
4 |
0 |
|u http://misc.bibl.u-szeged.hu/47174/1/026_002.pdf
|z Dokumentum-elérés
|